| 000 | 00510nam a2200181Ia 4500 | ||
|---|---|---|---|
| 005 | 20250317130721.0 | ||
| 008 | 008 250317s9999 xx 000 0 eng d | ||
| 037 | _aTextbook | ||
| 040 |
_aFMSL _beng _cFMSL |
||
| 041 |
_aeng _2eng |
||
| 084 | _qFMSL | ||
| 100 |
_aChandra P _9659734 |
||
| 245 | 0 | _aProjects planning analysis selection implementation and review | |
| 260 |
_aNew Delhi _bNew Delhi, Tata McGraw Hill _c1995 |
||
| 300 | _a663p | ||
| 942 | _cTB | ||
| 999 |
_c1264969 _d1264969 |
||